Islam dizaman modern, (Record no. 89330)

MARC details
000 -LEADER
fixed length control field 00624cam a22002411 4500
001 - CONTROL NUMBER
control field sa 68020276
003 - CONTROL NUMBER IDENTIFIER
control field DLC
005 - DATE AND TIME OF LATEST TRANSACTION
control field 20260227112723.0
008 - FIXED-LENGTH DATA ELEMENTS--GENERAL INFORMATION
fixed length control field 790227s1964 io 000 0 ind
010 ## - LIBRARY OF CONGRESS CONTROL NUMBER
LC control number sa 68020276
035 ## - SYSTEM CONTROL NUMBER
System control number (OCoLC)4692767
040 ## - CATALOGING SOURCE
Original cataloging agency DLC
Transcribing agency OAU
Modifying agency DLC
042 ## - AUTHENTICATION CODE
Authentication code premarc
050 00 - LIBRARY OF CONGRESS CALL NUMBER
Classification number BP165
Item number .A23
100 0# - MAIN ENTRY--PERSONAL NAME
Personal name Abdullah bin Nuh,
Titles and words associated with a name Raden.
245 10 - TITLE STATEMENT
Title Islam dizaman modern,
Statement of responsibility, etc. oleh H. Abdullah bin Nuh.
250 ## - EDITION STATEMENT
Edition statement Tjet. 2.
260 ## - PUBLICATION, DISTRIBUTION, ETC.
Place of publication, distribution, etc. Djakarta,
Name of publisher, distributor, etc. A. P. B.
Date of publication, distribution, etc. [1964]
300 ## - PHYSICAL DESCRIPTION
Extent 1 v. (unpaged)
Dimensions 30 cm.
500 ## - GENERAL NOTE
General note Cover title.
500 ## - GENERAL NOTE
General note "LIS. no. 58/J1/64/"
650 #0 - SUBJECT ADDED ENTRY--TOPICAL TERM
Topical term or geographic name entry element Islam.

No items available.

Powered by Koha